[Event "CZE-chT2F 1314"]
[Site "Czech Republic"]
[Date "2014.04.06"]
[Round "11.17"]
[White "Snehota, Martin"]
[Black "Baier, Pavel"]
[Result "0-1"]
[WhiteElo "1925"]
[BlackElo "2084"]
[PlyCount "82"]
[EventDate "2013.11.03"]
[EventType "team-tourn"]
[EventRounds "11"]
[EventCountry "CZE"]
[SourceTitle "EXT 2016"]
[Source "ChessBase"]
[SourceDate "2015.10.08"]
[SourceVersion "1"]
[SourceVersionDate "2015.10.08"]
[SourceQuality "1"]
[WhiteTeam "Prerov II"]
[BlackTeam "Havirov Banik"]
[WhiteTeamCountry "CZE"]
[BlackTeamCountry "CZE"]

1. e4 c5 2. Nf3 Nc6 3. d4 cxd4 4. Nxd4 Qc7 5. Nc3 e6 6. Be3 a6 7. a3 b5 8. Be2 Bb7 9. 0-0 Nf6 10. Bxb5 Nxd4 11. Bxd4 axb5 12. Nxb5 Qc6 13. a4 Nxe4 14. f3 Nd6 15. Bxg7 Bxg7 16. Qxd6 Ra6 17. Qb8+ Ke7 18. Qg3 Qc5+ 19. Kh1 Bf6 20. c3 h5 21. b4 h4 22. Qf4 Qe5 23. Qd2 h3 24. g3 Bg5 25. Qd3 Qe3 26. Qd1 Qd2 27. Qxd2 Bxd2 28. Rad1 Bg5 29. a5 Rc8 30. Rd3 Bd5 31. Rfd1 Bf6 32. Kg1 Rc4 33. Kf2 Rac6 34. Na7 Rc7 35. Nb5 Rb7 36. Rxd5 exd5 37. Rxd5 Rc6 38. c4 Rxc4 39. Nd6 Rbc7 40. Ke3 Rxb4 41. Ne4 Ra4 0-1

[Event "Pardubice op U18"]
[Site "Pardubice"]
[Date "2009.07.18"]
[Round "2"]
[White "Ageichenko, Genadi A"]
[Black "Snehota, Martin"]
[Result "1-0"]
[WhiteElo "2375"]
[BlackElo "1896"]
[PlyCount "91"]
[EventDate "2009.07.17"]
[EventType "swiss"]
[EventRounds "7"]
[EventCountry "CZE"]
[SourceTitle "CBM 131 Extra"]
[Source "ChessBase"]
[SourceDate "2009.09.03"]
[SourceVersion "2"]
[SourceVersionDate "2009.09.16"]
[SourceQuality "1"]

1. e4 d5 2. exd5 Nf6 3. Nf3 Bf5 4. Bb5+ Nbd7 5. Nc3 a6 6. Ba4 b5 7. Bb3 Nb6 8. a4 b4 9. Ne2 Nbxd5 10. Ng3 Bg4 11. a5 c6 12. h3 Bc8 13. d4 e6 14. Ne5 Qc7 15. Nxc6 Bd6 16. Ne5 Bxe5 17. dxe5 Qxe5+ 18. Qe2 Qxe2+ 19. Kxe2 Bd7 20. Bc4 Bb5 21. Bxb5+ axb5 22. Bd2 Kd7 23. f3 Rhc8 24. Rhc1 Rc6 25. Ne4 h6 26. g3 Ne8 27. Nf2 Rca6 28. Nd3 Rxa5 29. Rxa5 Rxa5 30. Nxb4 Nxb4 31. Bxb4 Ra8 32. Rd1+ Kc6 33. Bf8 h5 34. Rd3 g6 35. Rc3+ Kb6 36. Bc5+ Kb7 37. Ra3 Rxa3 38. Bxa3 Kc6 39. Kd3 Kd5 40. b3 Nc7 41. Be7 Ke5 42. Bg5 Nd5 43. Bd2 f6 44. c4 bxc4+ 45. bxc4 Nc7 46. Bf4+ 1-0